|
|
|
|
| LEADER |
00000nab a2200000 a 4500 |
| 001 |
vtls000727714 |
| 003 |
SK-MaSNL |
| 005 |
20260303174707.0 |
| 008 |
141112c2000 xo 0 eng |
| 015 |
|
|
|a SNBRB2000/07-19000
|
| 035 |
|
|
|a CLN000079866
|
| 040 |
|
|
|a SNKBUCL
|b slo
|c SNKBUCL
|e AACR2
|
| 041 |
0 |
|
|a eng
|
| 044 |
|
|
|a xo
|c SK
|
| 080 |
|
|
|a 616.1
|2 1997
|
| 080 |
|
|
|a 616.13-004.6
|2 1997
|
| 100 |
1 |
|
|a Andrássy, Gábor
|4 aut
|9 1202523
|
| 245 |
1 |
0 |
|a Endothelial dysfunction and cardiovascular disease: potential mechanisms and intervention
|c Gábor Andrássy
|
| 504 |
|
|
|a Bibliogr. odkazy
|
| 611 |
1 |
7 |
|a Nové trendy v prevencii aterosklerózy
|n (8. :
|d 2000 :
|c Bratislava, Slovensko)
|2 snkbucl
|9 919091
|
| 650 |
0 |
7 |
|a kardiovaskulárne choroby
|2 snkbucl
|9 2500
|
| 650 |
0 |
7 |
|a endotel cievny
|x dysfunkcia
|2 snkbucl
|9 897141
|
| 650 |
0 |
7 |
|a ateroskleróza
|2 snkbucl
|9 2428
|
| 655 |
|
7 |
|a články z novín a časopisov
|2 snkbucl
|9 267496
|
| 773 |
0 |
|
|t Kardiológia
|g Roč. 9, č. 1 (2000)
|x 1210-0048
|
| 773 |
0 |
|
|t [Príl.] Nové trendy v prevencii aterosklerózy
|g S. 2A
|x 1210-0048
|
| 850 |
|
|
|a Slovenská národná knižnica v Martine
|
| 852 |
|
|
|a SNK
|b KIS3GCP
|
| 958 |
|
|
|a MI
|
| 958 |
|
|
|a NB
|
| 999 |
|
|
|c 2098024
|d 2099954
|